| Tag |
First Indicator |
Second Indicator |
Subfields |
| LEADER |
00000cam a22000008i 4500 |
| 001 |
in00000361908 |
| 005 |
20151011064135.0 |
| 008 |
770308s1977 mau b 00110beng |
| 010 |
|
|
|a 77003495
|
| 020 |
|
|
|a 0805762859
|
| 035 |
|
|
|a (OCoLC)02837269
|
| 035 |
|
|
|9 ABN3825AM
|
| 040 |
|
|
|a DLC
|c DLC
|d TXA
|d UtOrBLW
|
| 049 |
|
|
|a TXAM
|c [1535182]
|
| 050 |
0 |
0 |
|a PJ5129.R2
|b Z565
|
| 082 |
0 |
|
|a 839/.09/33
|a B
|
| 100 |
1 |
|
|a Butwin, Joseph,
|d 1943-
|
| 245 |
1 |
0 |
|a Sholom Aleichem /
|c by Joseph Butwin and Frances Butwin.
|
| 264 |
|
1 |
|a Boston :
|b Twayne Publishers,
|c [1977]
|
| 264 |
|
4 |
|c ©1977
|
| 300 |
|
|
|a 173 pages :
|b portrait ;
|c 21 cm.
|
| 336 |
|
|
|a text
|b txt
|2 rdacontent
|
| 337 |
|
|
|a unmediated
|b n
|2 rdamedia
|
| 338 |
|
|
|a volume
|b nc
|2 rdacarrier
|
| 490 |
0 |
|
|a Twayne's world authors series ; TWAS 460 : Yiddish literature
|
| 500 |
|
|
|a Includes index.
|
| 504 |
|
|
|a Bibliography: pages 167-170.
|
| 600 |
1 |
0 |
|a Sholem Aleichem,
|d 1859-1916.
|
| 650 |
|
0 |
|a Authors, Yiddish
|v Biography.
|
| 700 |
1 |
|
|a Butwin, Frances.
|
| 999 |
|
|
|a MARS
|
| 999 |
f |
f |
|s 9c56abed-a431-3f87-bc9b-ad178a2f55d0
|i 3bcdfc74-a6f2-315d-b706-2265affc27c5
|t 0
|
| 952 |
f |
f |
|p ric
|a Texas A&M University
|b Rellis Campus
|c Joint Library Facility
|d Remote Storage
|t 0
|e PJ5129.R2 Z565
|h Library of Congress classification
|i unmediated -- volume
|m A14803637934
|
| 998 |
f |
f |
|a PJ5129.R2 Z565
|t 0
|l Remote Storage
|